Mezinárodní měnové vztahy

Saved in:
Bibliographic Details
Main Author: Kubišta, Václav
Corporate Author: Vysoká škola ekonomická v Praze. Fakulta mezinárodních vztahů
Format: Book
Language:Czech
Published: Praha Oeconomica, Nakladatelství VŠE 2007
Edition:2. vyd.
Subjects:
Tags: Add Tag
No Tags, Be the first to tag this record!

MARC

LEADER 00000nam$a2200000$$$4500
001 0063005
005 20240223111912.5
020 |a 978-80-245-1182-5 
041 0 |a cze 
044 |a CZ 
245 1 0 |a Mezinárodní měnové vztahy  |c Václav Kubišta 
250 |a 2. vyd. 
264 1 |a Praha  |b Oeconomica, Nakladatelství VŠE  |c 2007 
300 |a 83 s. 
610 2 0 |a systém menový medzinárodný 
610 2 0 |a únie menové 
610 2 0 |a mena 
610 2 0 |a peniaze 
610 2 0 |a dohody Bretton-Woodske 
610 2 0 |a integrácia menová 
610 2 0 |a Medzinárodný menový fond 
610 2 0 |a Svetová banka 
610 2 0 |a Banka pre medzinárodné platby 
610 2 0 |a likvidita medzinárodná 
610 2 0 |a rezervy devízové 
100 1 |a Kubišta, Václav 
710 2 |a Vysoká škola ekonomická v Praze. Fakulta mezinárodních vztahů